• 首页
  • 本馆介绍
  • 公告通知
  • 最新文献
  • 馆藏检索
  • 电子资源
  • 读者导购
  • 参考咨询
  • 我的图书馆
  • 登录
  • 详细信息显示
  • 放入我的书架
  • 预约/预借图书
  • 作者相关作品
  • 分类相关作品
  • 丛书相关作品
  • 出版社相关作品

书目信息

  • 表格格式
  • 工作单格式
  • 卡片格式
题名:
资本主义大变形
    
 
作者: 斯托克曼 著 ;张建敏 译
分册:  
出版信息: 北京   中信出版社  2014
页数: 666页
开本: 24cm
丛书名:
单 册:
中图分类: F03
科图分类:
主题词: 资本主义经济--Zi Ben Zhu Yi Jing Ji--研究
电子资源:
ISBN: 978-7-5086-4778-4
000 01241nam0 2200265 450
001 1678556343
005 20161104160843.38
010    @a978-7-5086-4778-4@b精装@dCNY98.00
100    @a20140418d2014 em y0chiy50 ea
101 1  @achi@ceng
102    @aCN@b110000
105    @ay z 000yy
106    @ar
200 1  @a资本主义大变形@AZi Ben Zhu Yi Da Bian Xing@f(美) 戴维·斯托克曼著@d= The great deformation@ethe corruption of capitalism in America@fDavid Stockman@g张建敏译@zeng
210    @a北京@c中信出版社@d2014
215    @a666页@d24cm
330    @a资本主义已经死亡了吗?权贵资本主义是否不可避免?贫富差距是一定的吗?身为美国白宫预算办公室前主人,本书作者直击资本主义核心美国,回溯其80多年的财政、经济、金融、政治、军事、房地产等方面的发展,历数美国关键政治、经济人物,批判资本主义的腐败、没落,更展望资本主义的未来发展。其中诸多经验教训对于中国有很好重要的借鉴意义。
333    @a经济学专业研究人员
500 10 @aThe great deformation : the corruption of capitalism in America@mChinese
606 0  @a资本主义经济@AZi Ben Zhu Yi Jing Ji@x研究
690    @aF03@v5
701  1 @a斯托克曼@ASi Tuo Ke Man@g(Stockman, David)@4著
702  0 @a张建敏@AZhang Jian Min@4译
801  0 @aCN@b江苏新华@c20150511
905    @aBZT@dF03@e2
    
    资本主义大变形/(美) 戴维·斯托克曼著= The great deformation:the corruption of capitalism in America/David Stockman/张建敏译.-北京:中信出版社,2014
    666页;24cm
    使用对象:经济学专业研究人员
    
    ISBN 978-7-5086-4778-4(精装):CNY98.00
    资本主义已经死亡了吗?权贵资本主义是否不可避免?贫富差距是一定的吗?身为美国白宫预算办公室前主人,本书作者直击资本主义核心美国,回溯其80多年的财政、经济、金融、政治、军事、房地产等方面的发展,历数美国关键政治、经济人物,批判资本主义的腐败、没落,更展望资本主义的未来发展。其中诸多经验教训对于中国有很好重要的借鉴意义。
●
相关链接 在五车中查询图书 在当当中查询图书 在豆瓣中查询图书


正题名:资本主义大变形     索取号:F03/2         预约/预借

序号 登录号 条形码 馆藏地/架位号 状态 备注
1 801245   2000801245   第二书库/ [索取号:F03/2] 在馆    
2 801246   2000801246   第二书库/ [索取号:F03/2] 在馆    
3 801247   2000801247   第二书库/ [索取号:F03/2] 在馆    
山东省滨州职业学院图书馆 欢迎您!
大连网信软件有限公司© 版权所有